1755 1457 1566 1418 1896 1826 1842 1152 1923 1466 1562 1414 1793 1683 1039 1842 1865 1936 1970 1858 1867 1320 1238 1095 1330 1973 1014 1661 1582 1554 1244 1416 1693 1540 1706 1528 1081 1281 1319 1481 1939 1542 1840 1760 1547 1042 1709 1901 1810 1064 1839 1088 1440 1239 1746 1409 1173 1637 1154 1434 1712 1492 1935 1823 1834 1261 1479 1592 1720 1679 1551 1149 1039 1737 1184 1896 1648 1316 1781 1327 1025 1286 1939 1423 1709 1123 1189 1985 1059 1423 1893 1139 1705 1122 1594 1099 1038 1124 1263 BCNSPRNW ULIB Ver.6.0+V

เปลี่ยนเป็นภาษาไทย

Change to English
 แสดงรายละเอียดบรรณานุกรม
  กลับหน้าหลัก

Brief Record : Get Marc (ISO 2709) : E-mail record : QR code < ปิดหน้าต่าง
LEADER : 00000nam 2200000uu 4500
001    13399120633
003     ULIB
008    121001s2549||||th 000 0 tha d
020    ^a9789749869628
050 04 ^aA^bน624W
100 0  ^aนิภาพัชร์ ปิ่นสุวรรณ
245 10 ^aWhat? รู้รอบเรื่องน่าทึ่งของโลก /^cนิภาพัชร์ ปิ่นสุวรรณ
250    ^aพิมพ์ครั้งที่ 2
260    ^aกรุงเทพฯ :^bอักษรเจริญทัศน์,^c2549
300    ^a191 หน้า :^bภาพประกอบ
440  0 ^aหนังสือเสริมการเรียนรู้ ชุด สรรพ์สาระของโลก
650  7 ^aความรู้ทั่วไป
650  7 ^aรวมเรื่อง
650  7 ^aโลก
945    ^p170^l0^i24862
995    ^aทศพร
999    ^aทศพร เกษรทอง
รายการนี้ยังไม่มีแท็ก
คุณยังไม่ได้ล็อกอิน คุณสามารถมีกิจกรรมร่วมกับเว็บไซต์ได้ แต่ต้องล็อกอินก่อน ::
  ล็อกอิน

รายการสื่อสารสนเทศ

ลำดับที่ ประเภท เลขเรียก/บาร์โค้ด สถานที่ สถานะ
1. วิทยาศาสตร์การแพทย์ และสุขภาพ
วิทยาศาสตร์การแพทย์ และสุขภาพ
A น624W  
  Barcode: 24862
ห้องสมุดวิทยาเขตสวรรค์ประชารักษ์
►หนังสือทั่วไป
บนชั้น

รายการใกล้เคียง
    ผู้แต่ง [นิภาพัชร์ ปิ่นสุวรรณ]

    หัวเรื่อง [ความรู้ทั่วไป]
    หัวเรื่อง [รวมเรื่อง]
    หัวเรื่อง [โลก]

BibComment


ยังไม่เคยถูกคอมเมนท์

คอมเมนท์ทรัพยากรรายการนี้
  คอมเมนท์: What รู้รอบเรื่อ..


 Copyright 2026. Bcnsprnw @Library